Kinn már világosodik
Elmentve itt :
| Szerző: | |
|---|---|
| Dokumentumtípus: | Cikk |
| Megjelent: |
1967-02-02
|
| Sorozat: | Délmagyarország
57 No. 28 |
| Kulcsszavak: | Puskás Jenő, Textilművek, Textilipar Szeged riport 1967 |
| Online Access: | http://dmarchiv.bibl.u-szeged.hu/67099 |
| LEADER | 00483nab a2200157 i 4500 | ||
|---|---|---|---|
| 001 | delm67099 | ||
| 005 | 20180927153722.0 | ||
| 008 | 180927s1967 hu o 0|| hun d | ||
| 040 | |a SZTE Délmagyarország Archívum |b hun | ||
| 041 | |a hun | ||
| 100 | 1 | |a Simai Mihály | |
| 245 | 1 | 0 | |a Kinn már világosodik |h [elektronikus dokumentum] / |c Simai Mihály |
| 260 | |c 1967-02-02 | ||
| 300 | |a 5 | ||
| 490 | 0 | |a Délmagyarország |v 57 No. 28 | |
| 695 | |a Puskás Jenő, Textilművek, Textilipar Szeged riport 1967 | ||